Hlad bohů /
Pokračování oceňované seversky laděné fantasy série Krvopřísežní.
Uloženo v:
| Série: | Krvopřísežní,
část 2 |
|---|---|
| Hlavní autor: | |
| Další autoři: | |
| Médium: | E-kniha |
| Jazyk: | Czech |
| Vydáno: |
Brno :
Host,
2023
|
| Vydání: | První vydání |
| Témata: | |
| Příbuzné jednotky: | Z cyklu::
Krvopřísežní |
| Tagy: |
Žádné tagy |
| LEADER | 02616nam a2200445 i 4500 | ||
|---|---|---|---|
| 001 | 301491 | ||
| 003 | CZ PrSKC | ||
| 005 | 20260430063208.0 | ||
| 007 | ta | ||
| 008 | 231106s2023 xr g 000 f cze | ||
| 015 | |a cnb003565514 | ||
| 020 | |a 9788027517695 |q (vázáno) | ||
| 035 | |a (OCoLC)1425859867 | ||
| 040 | |a ABG001 |b cze |d ABA001 |e rda | ||
| 041 | 1 | |a cze |h eng | |
| 072 | 7 | |a 821.111-3 |x Anglická próza, anglicky psaná |2 Konspekt | |
| 080 | |a 821.111-31 |2 MRF | ||
| 080 | |a (0:82-312.9) |2 MRF | ||
| 100 | 1 | |a Gwynne, John, |d 1968- |7 xx0278127 |4 aut | |
| 240 | 1 | 0 | |a Hunger of the gods. |l Česky |
| 245 | 1 | 0 | |a Hlad bohů / |c John Gwynne ; přeložil Roman Tilcer |
| 250 | |a První vydání | ||
| 264 | 1 | |a Brno : |b Host, |c 2023 | |
| 300 | |a 663 stran ; |c 22 cm | ||
| 336 | |a text |b txt |2 rdacontent | ||
| 337 | |a bez média |b n |2 rdamedia | ||
| 338 | |a svazek |b nc |2 rdacarrier | ||
| 500 | |a Přeloženo z angličtiny | ||
| 520 | 2 | |a Pokračování oceňované seversky laděné fantasy série Krvopřísežní. |b Bájná dračí bohyně Lik-Rifa byla osvobozena ze svého věčného vězení. Nyní osnuje nový věk krve a dobyvačných tažení. Orka pokračuje v pátrání po svém zmizelém synovi, Krvopřísežní se v zoufalém závodě o záchranu jedné své členky ženou na jih -- a Varg podniká první kroky za pomstou. Elva slíbila, že splní krevní přísahu a zachrání zajatce ze spárů Lik-Rify a jejích drakorozených následovníků, nejprve ale musí přesvědčit Líté bijce, aby ji následovali. Ani Krvopřísežní a Lítí bijci však nemohou dračí bohyni čelit sami. Jejich naděje spočívá v šílených spisech spoutaného boha. V knize zakázaných kouzel, s níž dokážou vzkřísit vlčího boha Úlfriho... a vyvolat bitvu, která otřese základy země. Nakladatelská anotace. | |
| 655 | 7 | |a anglické romány |7 fd131814 |2 czenas | |
| 655 | 7 | |a fantasy romány |7 fd184199 |2 czenas | |
| 655 | 9 | |a English fiction |2 eczenas | |
| 655 | 9 | |a fantasy novels |2 eczenas | |
| 700 | 1 | |a Tilcer, Roman, |d 1987- |7 xx0095591 |4 trl | |
| 787 | 0 | 8 | |i Z cyklu: |t Krvopřísežní |g 2 |
| 900 | |a ABA001 |b 20 | ||
| 044 | |a xr | ||
| 910 | |a RBIT002 | ||
| 998 | |d 390722 |a https://core.palmknihy.cz/api/books/390722/cover?s3gddu |b https://core.palmknihy.cz/api/books/390722/cover/400?s3gddu |c https://core.palmknihy.cz/api/books/390722/cover/50?s3gddu |e 2026-07-05 |g 664 |i 9788027517695 |j https://core.palmknihy.cz/api/books/390722/preview.epub |k https://core.palmknihy.cz/api/books/390722/preview.pdf |l |q 49 |r 1 |s https://www.palmknihy.cz/kniha/390722 |t ebook |y 2023 |z 0 |v Krvopřísežní |w 2 | ||
| 999 | |d 301489 | ||